[Event "Olympiad-28"]
[Site "Thessaloniki"]
[Date "1988.11.27"]
[Round "13"]
[White "Ribli, Zoltan"]
[Black "Ye, Tiangchuan"]
[Result "1/2-1/2"]
[WhiteElo "2585"]
[BlackElo "2505"]
[PlyCount "47"]
[EventDate "1988.11.13"]
[EventType "team-swiss"]
[EventRounds "14"]
[EventCountry "GRE"]
[SourceTitle "TD"]
[Source "ChessBase"]
[SourceDate "1994.03.01"]
[SourceVersion "1"]
[SourceVersionDate "1994.03.01"]
[SourceQuality "1"]
[WhiteTeam "Hungary"]
[BlackTeam "China"]
[WhiteTeamCountry "HUN"]
[BlackTeamCountry "CHN"]

1. c4 Nf6 2. Nc3 g6 3. g3 Bg7 4. Bg2 0-0 5. e4 c5 6. Nge2 Nc6 7. 0-0 d6 8. d3 Ne8 9. Be3 Nd4 10. h3 Nc7 11. f4 Rb8 12. a4 a6 13. a5 b5 14. axb6 Rxb6 15. Na4 Nxe2+ 16. Qxe2 Rb8 17. f5 Bd7 18. Nc3 Rb4 19. Rf2 Qb8 20. Raf1 Be5 21. Kh2 f6 22. Bc1 Kh8 23. fxg6 Rg8 24. Bf4 1/2-1/2

[Event "Olympiad-28"]
[Site "Thessaloniki"]
[Date "1988.11.23"]
[Round "10"]
[White "Rodriguez Cespedes, Amador"]
[Black "Ye, Tiangchuan"]
[Result "0-1"]
[WhiteElo "2495"]
[BlackElo "2505"]
[PlyCount "62"]
[EventDate "1988.11.13"]
[EventType "team-swiss"]
[EventRounds "14"]
[EventCountry "GRE"]
[SourceTitle "TD"]
[Source "ChessBase"]
[SourceDate "1994.03.01"]
[SourceVersion "1"]
[SourceVersionDate "1994.03.01"]
[SourceQuality "1"]
[WhiteTeam "Cuba"]
[BlackTeam "China"]
[WhiteTeamCountry "CUB"]
[BlackTeamCountry "CHN"]

1. e4 c5 2. Nf3 e6 3. d4 cxd4 4. Nxd4 Nf6 5. Nc3 d6 6. g4 Be7 7. g5 Nfd7 8. h4 Nc6 9. Be3 a6 10. Qe2 0-0 11. 0-0-0 Nxd4 12. Bxd4 b5 13. a3 Rb8 14. f4 Re8 15. Qh5 Bf8 16. Bd3 e5 17. fxe5 Nxe5 18. Bxe5 Rxe5 19. Nd5 Be6 20. Rhf1 Qd7 21. Rf4 Bxd5 22. exd5 g6 23. Qf3 Rbe8 24. Rf1 R8e7 25. Kb1 Bg7 26. Re4 Rxe4 27. Bxe4 b4 28. Re1 bxa3 29. b3 a2+ 30. Kxa2 Qc7 31. c3 Bxc3 0-1

[Event "Olympiad-28"]
[Site "Thessaloniki"]
[Date "1988.11.22"]
[Round "9"]
[White "Ye, Tiangchuan"]
[Black "Petursson, Margeir"]
[Result "1/2-1/2"]
[WhiteElo "2505"]
[BlackElo "2530"]
[PlyCount "67"]
[EventDate "1988.11.13"]
[EventType "team-swiss"]
[EventRounds "14"]
[EventCountry "GRE"]
[SourceTitle "TD"]
[Source "ChessBase"]
[SourceDate "1994.03.01"]
[SourceVersion "1"]
[SourceVersionDate "1994.03.01"]
[SourceQuality "1"]
[WhiteTeam "China"]
[BlackTeam "Iceland"]
[WhiteTeamCountry "CHN"]
[BlackTeamCountry "ISL"]

1. e4 c5 2. Nf3 Nc6 3. d4 cxd4 4. Nxd4 g6 5. Nc3 Bg7 6. Be3 Nf6 7. Bc4 0-0 8. Bb3 d6 9. h3 Nxd4 10. Bxd4 b5 11. 0-0 Bb7 12. Bd5 Qd7 13. a3 Rac8 14. Qd3 Bxd5 15. exd5 Rc4 16. a4 a6 17. axb5 axb5 18. Ra7 Qf5 19. Rd1 Qxd3 20. Rxd3 b4 21. Na2 Rb8 22. c3 bxc3 23. bxc3 Ne4 24. Rxe7 Bxd4 25. Rxd4 Rxd4 26. cxd4 Rb1+ 27. Kh2 Nxf2 28. Nc3 Rb3 29. Re3 Rb2 30. Kg1 Rd2 31. Kf1 f5 32. Re2 Rd3 33. Kxf2 Rxc3 34. Re6 1/2-1/2

[Event "Olympiad-28"]
[Site "Thessaloniki"]
[Date "1988.11.19"]
[Round "6"]
[White "Garcia, Gildardo"]
[Black "Ye, Tiangchuan"]
[Result "1/2-1/2"]
[WhiteElo "2330"]
[BlackElo "2505"]
[PlyCount "34"]
[EventDate "1988.11.13"]
[EventType "team-swiss"]
[EventRounds "14"]
[EventCountry "GRE"]
[SourceTitle "TD"]
[Source "ChessBase"]
[SourceDate "1994.03.01"]
[SourceVersion "1"]
[SourceVersionDate "1994.03.01"]
[SourceQuality "1"]
[WhiteTeam "Columbia"]
[BlackTeam "China"]
[WhiteTeamCountry "COL"]
[BlackTeamCountry "CHN"]

1. e4 c5 2. Nf3 d6 3. d4 cxd4 4. Nxd4 Nf6 5. Nc3 e6 6. Be2 Be7 7. 0-0 Nc6 8. Be3 0-0 9. Qd2 a6 10. Rad1 Bd7 11. f4 b5 12. Bf3 Rc8 13. e5 dxe5 14. Nxc6 Bxc6 15. fxe5 Qxd2 16. Rxd2 Ne8 17. Ne4 Bd5 1/2-1/2

[Event "Olympiad-28"]
[Site "Thessaloniki"]
[Date "1988.11.18"]
[Round "5"]
[White "Rechlis, Gad"]
[Black "Ye, Tiangchuan"]
[Result "1-0"]
[WhiteElo "2515"]
[BlackElo "2505"]
[PlyCount "80"]
[EventDate "1988.11.13"]
[EventType "team-swiss"]
[EventRounds "14"]
[EventCountry "GRE"]
[SourceTitle "TD"]
[Source "ChessBase"]
[SourceDate "1994.03.01"]
[SourceVersion "1"]
[SourceVersionDate "1994.03.01"]
[SourceQuality "1"]
[WhiteTeam "Israel"]
[BlackTeam "China"]
[WhiteTeamCountry "ISR"]
[BlackTeamCountry "CHN"]

1. Nf3 Nf6 2. c4 g6 3. g3 Bg7 4. Bg2 0-0 5. 0-0 d5 6. cxd5 Nxd5 7. Nc3 Nc6 8. Nxd5 Qxd5 9. d3 Qd6 10. Bf4 e5 11. Be3 Nd4 12. Rc1 c6 13. Re1 Be6 14. Qa4 Bd5 15. Nxd4 exd4 16. Bf4 Qd7 17. Bxd5 Qxd5 18. b4 a6 19. Qa5 Rad8 20. Rc5 Qe6 21. a4 Rd7 22. Rc2 Bf6 23. Rb1 g5 24. Bc1 Bd8 25. Qc5 Re8 26. Rbb2 Qh3 27. b5 axb5 28. axb5 Rd5 29. Qa7 g4 30. Qxb7 Rh5 31. Qxc6 Qxh2+ 32. Kf1 Ree5 33. e3 Kg7 34. b6 Rd5 35. exd4 Qh1+ 36. Ke2 Qf3+ 37. Kd2 Qxf2+ 38. Kc3 Qxd4+ 39. Kb3 Bxb6 40. Ka2 Ra5+ 1-0